Samajsashtriya chintak avoim sidhantkar (Record no. 439238)

000 -LEADER
fixed length control field 00358cam a22001217a 4500
008 - FIXED-LENGTH DATA ELEMENTS--GENERAL INFORMATION
fixed length control field 180718b2001 xxu||||| |||| 00| 0 eng d
020 ## - INTERNATIONAL STANDARD BOOK NUMBER
International Standard Book Number 81 7033 665 1(HB)
100 ## - MAIN ENTRY--PERSONAL NAME
Personal name Rawat, Harikrishan
245 ## - TITLE STATEMENT
Title Samajsashtriya chintak avoim sidhantkar
Statement of responsibility, etc. by Harikrishan Rawat
260 ## - PUBLICATION, DISTRIBUTION, ETC.
Place of publication, distribution, etc. Jaipur
Name of publisher, distributor, etc. Raawat Publication
Date of publication, distribution, etc. 2001
300 ## - PHYSICAL DESCRIPTION
Extent 323p.
650 ## - SUBJECT ADDED ENTRY--TOPICAL TERM
Topical term or geographic name entry element Samajsashtriya
Holdings
Withdrawn status Lost status Damaged status Not for loan Permanent Location Current Location Date acquired Barcode Date last seen Price effective from Koha item type
        Indian Institute of Public Administration Indian Institute of Public Administration 2010-04-26 76948 2018-07-21 2018-07-21 Book

Powered by Koha